Контурите на 20-те най-големи острова в света - Statistics

General Stats
  • This quiz has been taken 24 times
  • The average score is 9 of 20
Answer Stats
Picture Answer % Correct
Гренландия
96%
Мадагаскар
91%
Великобритания
83%
Исландия
70%
Куба
57%
Ирландия
52%
Борнео
48%
Нова Гвинея
43%
Южен
43%
Северен
43%
Суматра
39%
Хоншу
39%
Сулавеси
35%
Бафинова земя
30%
Ява
30%
Виктория
22%
Нюфаундланд
17%
Минданао
17%
Лусон
13%
Елсмир
9%
No matching quizzes found
Score Distribution
Percent of People with Each Score
Percentile by Number Answered
Your Score History
You have not taken this quiz